Welcome to the Holygrace Academy Library

Please use search bar below to get started

THE FANTASTIC RAINY DAY BOOK (Record no. 2286)

MARC details
000 -LEADER
fixed length control field 00406nam a22001457a 4500
020 ## - INTERNATIONAL STANDARD BOOK NUMBER
ISBN 0-7513-5256-X
082 ## - DEWEY DECIMAL CLASSIFICATION NUMBER
Classification number 001
Item number WIL/F
100 ## - MAIN ENTRY--AUTHOR NAME
Personal name WILKES, ANGELA
245 ## - TITLE STATEMENT
Title THE FANTASTIC RAINY DAY BOOK
260 ## - PUBLICATION, DISTRIBUTION, ETC. (IMPRINT)
Place of publication LONDON
Name of publisher DORLING KINDERSLEY
Year of publication 1997
300 ## - PHYSICAL DESCRIPTION
Number of Pages 64
520 ## - SUMMARY, ETC.
Summary, etc OVER 60 STEP BY STEP PROJECTS TO PAINT, BUILD, MAKE, BAKE, SEW AND GROW
650 ## - SUBJECT ADDED ENTRY--TOPICAL TERM
Topical Term ENCYCLOPEDIA
Geographic subdivision UNITED KINGDOM
942 ## - ADDED ENTRY ELEMENTS (KOHA)
Koha item type Books
Holdings
Withdrawn status Lost status Collection code Home library Current library Shelving location Date acquired Source of acquisition Cost, normal purchase price Full call number Accession Number Koha item type
    Reference Main Library Main Library SHELF 1- I -, ENCYCLOPEDIA 13/05/2015 purchase 395.00 001 WIL/F 07394 Books